Estadísticas para Plantilla del campeon - Copa America (4)

Haz click aquí para intentar la prueba.

Estadísticas generales

  • Esta prueba ha sido intentada 8 veces
  • La puntuación promedio es 52 de 241

Estadísticas de respuestas

Pos.JugadorEquipo% Correcto
DEFCafuPalmeiras
57%
DEF(c)CafuRoma
57%
PORDidaLugano
57%
DEF(c)Ivan CordobaInter
57%
DEFIvan LopezSanta Fe
57%
POROscar CordobaBoca Juniors
57%
DELRivaldoBarcelona
57%
DEFRoberto CarlosReal Madrid
57%
DEFRoberto CarlosReal Madrid
57%
DELRomarioFlamengo
57%
DELRomarioPSV
57%
DELRonaldinhoGremio
57%
DELRonaldoBarcelona
57%
DELRonaldoInter
57%
DEFZe RobertoReal Madrid
57%
MEDZe RobertoFlamendo
57%
DEFAntonio CarlosRoma
43%
DELClaudio CaniggiaAtalanta
43%
DEFDiego LopezRiver Plate (URU)
43%
DELGabriel BatistutaFiorentina
43%
DELGabriel BatistutaBoca Juniors
43%
MEDGiovanni HernandezDeportivo Cali
43%
PORGustavo FernandezPeñarol
43%
DEFJoao CarlosCorinthians
43%
MEDLeonardo RodriguezSan Lorenzo
43%
MEDLeonardo RodriguezAtalanta
43%
DEF(c)Oscar RuggeriRiver Plate
43%
DEF(c)Oscar RuggeriVelez
43%
PORRoberto FernandezCerro Porteño
43%
POR(c)Rodolfo RodriguezNacional
43%
PORSergio GoycocheaRacing
43%
PORSergio GoycocheaOlimpia
43%
DELSergio MartinezBoca Juniors
43%
DELVictor AristizabalDeportivo Cali
43%
MEDAdalberto EscobarLibertad
29%
MEDAlexCorinthians
29%
DELAmado PerezSol de America
29%
DELAmorosoUdinese
29%
MEDBlas GiuntaBoca Juniors
29%
DEFCelio SilvaCorinthians
29%
MEDClaudio GarciaRacing
29%
DELClaudio GarciaRacing
29%
MEDDavid FerreiraAmerica de Cali
29%
DELDiego LatorreBoca Juniors
29%
MEDDiego SimeoneSevilla
29%
MEDDiego SimeonePisa
29%
DELEdmundoVasco da Gama
29%
MEDEduardo da SilvaPeñarol
29%
POREduardo PereiraDanubio
29%
DELElkin MurilloDeportivo Cali
29%
MEDEmersonBayer Leverkusen
29%
DELEnzo FrancescoliRiver Plate
29%
DEL(c)Enzo FrancescoliRiver Plate
29%
DELEnzo FrancescoliRacing Clube Paris
29%
MEDFabian Andres VargasAmerica de Cali
29%
MEDFlavio ConceicaoDeportivo La Coruña
29%
MEDFlavio ConceicaoDeportivo La Coruña
29%
MEDFreddy GrisalesAtletico Nacional
29%
DEFGerardo BedoyaDeportivo Cali
29%
MEDGiovanniBarcelona
29%
DEFGonzalo DiazMontevideo Wanderers
29%
DELJairo CastilloVelez
29%
DEFJersson GonzalezAmerica de Cali
29%
MEDJuan Carlos RamirezJunior
29%
PORLuis IslasIndependiente
29%
DEFMario YepesRiver Plate
29%
MEDMauricio MolinaEnvigado
29%
MEDMauro SilvaDeportivo La Coruña
29%
PORMiguel Angel CaleroPachuca
29%
MEDOscar AsprillaCortulua
29%
DELRuben da SilvaBoca Juniors
29%
DEFTabare SilvaDefensor Sporting
29%
PORZe CarlosFlamengo
29%
PORAcacioVasco da Gama
14%
DELAlberto AcostaBoca Juniors
14%
DELAlberto SantelliDefensor Sporting
14%
PORAlcides BaezLibertad
14%
DEFAldairBenfica
14%
DEFAldairRoma
14%
MEDAldo FlorentinCerro Porteño
14%
DEFAlejandrino ArceNacional de Paraguay
14%
PORAlejandro LanariRosario Central
14%
MEDAlejandro MancusoBoca Juniors
14%
MEDAlemaoNapolo
14%
DEFAlfonso DominguezPeñarol
14%
DELAlfredo de los SantosDefensor Sporting
14%
DEFAlicio SolalindeOlimpia
14%
DEFAlvaro GutierrezNacional
14%
DEFAndre CruzPonte Preta
14%
DEFAndres OrozcoDIM
14%
DELAntonio AlzamendiRiver Plate
14%
DELAntonio AlzamendiNacional
14%
DELAntonio MohamedHuracan
14%
MEDArecio ColmanLibertad
14%
DELArsenio LuzardoNacional
14%
DELArsenio MezaRiver Plate (PAR)
14%
DELBaltazarAtl. Madrid
14%
DELBebetoFlamengo
14%
MEDBetoFlamengo
14%
DELBismarck FariaVasco da Gama
14%
DEFBrancoPorto
14%
DELCarlos AguileraNacional
14%
DEFCarlos EnriqueRiver Plate
14%
PORCarlos GermanoVasco da Gama
14%
MEDCarlos KieseOlimpia
14%
MEDCarlos VasquezBella Vista
14%
DEFCesar BelliPortuguesa
14%
MEDCesar SampaioYokohama Flugels
14%
DELCharlesBahia
14%
DELChristianInternacional
14%
PORClaudio ArbizaOlimpia
14%
PORClaudio TaffarelAtl. Mineiro
14%
PORClaudio TaffarelInternacional
14%
DEFCristin CiblisAtletico Tembetary
14%
MEDCristovaoGremio
14%
DELDaniel FonsecaRoma
14%
MEDDario FrancoNewell's Old Boys
14%
MEDDenilsonSao Paulo
14%
MEDDiego DortaPeñarol
14%
MEDDjalminhaPalmeiras
14%
MED(c)DungaJubilo Iwata
14%
MEDDungaFiorentina
14%
DEFEber MoasAmerica de Cali
14%
DEFEduardo AcevedoDefensor Sporting
14%
DEFEliseo RiveroDanubio
14%
DELElson BecerraDep. Tolima
14%
DELEnrique BaezMontevideo Wanderers
14%
DELEnrique VillalbaOlimpia
14%
MEDErardo CoccaroProgreso
14%
DELEugenio MorelLibertad
14%
DELEulalio ArriagaJunior
14%
DEFEvanilsonCruzeiro
14%
DELEvaristo IsasiOlimpia
14%
DEFFabian BasualdoRiver Plate
14%
DEFFabian BasualdoRiver Plate
14%
PORFabian CancelarichFerro
14%
PORFernando AlvezRiver Plate (URU)
14%
DEFFernando CaceresAmerica
14%
DEFFernando GamboaNewell's Old Boys
14%
DELFernando MorenaPeñarol
14%
MEDFernando RedondoRacing
14%
DEFFlaminio SosaOlimpia
14%
MEDGeovaniVasco da Gama
14%
DEFGoncalvesBotafogo
14%
MEDGustavo DaltoDanubio
14%
MEDGustavo MatosasPeñarol
14%
DEFGustavo MendezNacional
14%
MEDGustavo PoyetZaragoza
14%
MEDGustavo ZapataRiver Plate
14%
MEDGustavo ZapataRiver Plate
14%
PORHector TujaDefensor Sporting
14%
MED(c)Hugo TalaveraOlimpia
14%
DELIsabelino AcostaSol de America
14%
MEDJohn RestrepoDIM
14%
DEFJorge BorelliIndependiente
14%
PORJorge SerePeñarol
14%
MEDJorge VillazanPeñarol
14%
MEDJorge Walter BarriosMontevideo Waderers
14%
MEDJose BasualdoTenerife
14%
MEDJose Enrique PeñaMontevideo Wanderers
14%
PORJose Luis SosaNacional
14%
DEFJose Oscar HerreraCagliari
14%
MED(c)Jose PerdomoPeñarol
14%
DEFJose Pintos SaldanhaNacional
14%
DEFJosimarBotafogo
14%
DEFJuan EspinolaLibertad
14%
DELJuan FerrariNacional
14%
DEFJuan Manuel VillalbaLibertad
14%
DELJuan MuhlethalerRampla Juniors
14%
DEFJuan Ramon SandovalRiver Plate (PAR)
14%
DEFJuan ToralesSpotivo Luqueño
14%
MEDJulio Cesar RomeroSportivo Luqueño
14%
PORJulio Haber AcuñaDefensor Sporting
14%
DELJulio ZamoraNewell's Old Boys
14%
MEDJuvencio OsorioCerro Porteño
14%
MEDLeonardoPSG
14%
MEDLeonardo AstradaRiver Plate
14%
DELLuis Alberto AcostaMontevideo Wanderers
14%
MEDLuis Ernesto TorresOlimpia
14%
DELMarcelo OteroPeñarol
14%
MEDMarcelo SaraleguiRacing
14%
DEFMarcio SantosAtl. Mineiro
14%
PORMarcosPalmeiras
14%
MEDMarcos PauloCruzeiro
14%
MEDMariano PesoaCerro Porteño
14%
MEDMario SaraleguiPeñarol
14%
DELMauricio SilveraNacional
14%
DEFMauro GalvaoBotafogo
14%
MEDMazinhoVasco da Gama
14%
MEDMiguel BossioPeñarol
14%
DELMilciades MorelLibertad
14%
MEDNelson AbeijonNacional
14%
MEDNelson AgrestaNacional
14%
DEFNelson GutierrezRiver Plate
14%
DEFNelson GutierrezPeñarol
14%
DEFNestor CraviottoRiver Plate
14%
DEFNestor CraviottoIndependiente
14%
MEDNestor GorositoSan Lorenzo
14%
DEFNestor MontelongoPeñarol
14%
PORNorberto ScoponiNewell's Old Boys
14%
DEFObdulio TrasantePeñarol
14%
DEFOdvanVasco da Gama
14%
DEFOscar AguirregarayDefensor Sporting
14%
DEFOscar AguirregarayPeñarol
14%
POROscar FerroPeñarol
14%
MEDOsvaldo AquinoOlimpia
14%
MEDPablo BengoecheaPeñarol
14%
MEDPablo BengoecheaMontevideo Wanderers
14%
DELPaulo NunesGremio
14%
DELPedro FleitasCerro Porteño
14%
DELRamon BelloRiver Plate
14%
DELRamon BelloRiver Plate
14%
DEFRaul EsnalMontevideo Wanderers
14%
DELRenato GauchoRoma
14%
DEFRicardo AltamiranoIndependiente
14%
DEFRicardo AltamiranoRacing
14%
DEF(c)Ricardo GomesBenfica
14%
DELRoberto CabañasCerro Porteño
14%
DEFRoberto Carlos CortesDIM
14%
DEFRoberto ParedesOlimpia
14%
DELRuben SosaZaragoza
14%
DELRuben SosaInter
14%
DEFSerginhoSao Paulo
14%
DEFSergio VazquezU. Catolica
14%
DEFSergio VazquezFerro
14%
MEDSilasSporting Lisboa
14%
DELTitaPescara
14%
MEDTito VeraLibertad
14%
MEDValdoBenfica
14%
MEDVampetaPalmeiras
14%
DELVenancio RamosPeñarol
14%
DEFVictor DiogoPeñarol
14%
MEDVictor RabuñalBella Vista
14%
DELWalter PellettiMontevideo Wanderers
14%
DEFWashington GonzalezNacional
14%
DELWilmar CabreraNacional
14%
DEFZe MariaParma
14%
DEFZe TeodoroSao Paulo
14%
DEFEdgardo AdinofliRiver Plate (URU)
0%
DEFGeronimo ObelarCerro Porteño
0%
DEFWalter OliveiraAtl.Mineiro
0%

Distribución de puntuación

Porcentaje por número respondido

Porcentaje de gente con cada puntuación

Historial de tus puntuaciones

No has intentado esta prueba.